| 000 | 01236nam a2200349 i 4500 | ||
|---|---|---|---|
| 001 | 2054317 | ||
| 003 | EG-ScBUE | ||
| 005 | 20240610094226.0 | ||
| 008 | 940411r20111993nyua f bd 001 0aeng d | ||
| 020 | _a9780873487740 | ||
| 040 |
_aEG-ScBUE _beng _erda _cEG-ScBUE _dEG-ScBUE |
||
| 043 | _af-sa--- | ||
| 082 | 0 | 4 |
_a968.064 _222 _bMAN |
| 100 | 1 |
_aMandela, Nelson, _d1918-2013, _eauthor. _95754 |
|
| 245 | 1 | 0 |
_aNelson Mandela speaks : _bforging a democratic, nonracial South Africa / _cedited by Steve Clark. |
| 250 | _aNinth printing. | ||
| 264 | 1 |
_aNew York ; _aLondon : _bPathfinder Press, _c2011. |
|
| 300 |
_a296 pages : _billustrations ; _c21 cm |
||
| 336 |
_2rdacontent _atext _btxt |
||
| 337 |
_aunmediated _2rdamedia _bn |
||
| 338 |
_avolume _bnc _2rdacarrier |
||
| 500 | _aIncludes glossary. | ||
| 504 | _aIncludes bibliographical references and index. | ||
| 600 | 1 | 7 |
_aMandela, Nelson, _d1918- _95754 |
| 650 | 7 |
_aStatesmen _zSouth Africa _xBiography. _2BUEsh _931543 |
|
| 651 | 7 |
_aSouth Africa _xRace relations. _2BUEsh _931544 |
|
| 651 | 7 |
_aSouth Africa _xPolitics and government _y1989- _2BUEsh _931545 |
|
| 653 | _cNovember2012 | ||
| 655 | _vReading book | ||
| 700 | 1 |
_aClark, Steve, _eeditor. _931546 |
|
| 942 |
_2ddc _cBB |
||
| 999 |
_c17122 _d17094 |
||